| 000 | 01177nam a22002657a 4500 | ||
|---|---|---|---|
| 005 | 20170124102935.0 | ||
| 010 | _aB-015053 | ||
| 020 | _c00.00 | ||
| 035 | _aB-015053 | ||
| 037 | _bCen Lib/Ret | ||
| 040 |
_aDPL _bHN |
||
| 082 |
_a809.8 _bफणीश |
||
| 100 |
_aफणीश सिंह _9106029 |
||
| 245 |
_aप्रेमचंद एवं गोर्की का कथा साहित्य : _cफणीश सिंह _bएक अध्धयन / |
||
| 246 |
_aPremchand evam gorki ka katha sahitya : ek adhdhyan / _bby Fanish Singh |
||
| 260 |
_aनयी दिल्ली _bहर आनन्द पुब्लिकाशनस _c2000 |
||
| 270 |
_bनयी दिल्ली _aडी-९, अनद निकेतन _e110021 |
||
| 300 |
_a169पृ. _c19सेमी(सजिल्द ) |
||
| 500 | _aपरिशष्ट और सन्दर्भ शामिल | ||
| 650 |
_aहिंदी साहित्य _x _9106030 |
||
| 650 |
_aकथा साहित्य _94735 |
||
| 650 |
_aHindi literature _9106031 |
||
| 650 |
_aHindi fiction _927248 |
||
| 942 |
_2ddc _cHN _h809.8 _mफणीश |
||
| 999 |
_c112220 _d112220 |
||